000 00307nam a22001097a 4500
008 160506b xxu||||| |||| 00| 0 eng d
020 _a0192628305
041 _aeng
080 _a61
245 _aOxford textbook of geriatric medicine:
_cJ.Grimley Evans; B. Lynn Beattie; Franklin Williams;
942 _2udc
_cBK
999 _c1873
_d1873